[Event "Grand Swiss "]
[Date "2025.09.14"]
[White "Divya Deshmukh"]
[Black "Sjugirov, Sanan"]
[WhiteElo "2478"]
[BlackElo "2627"]
[Round "9.9.57"]
[Result "0-1"]

1. e4 {[%clk 01:40:57] [%emt 00:00:02]} c5 {[%clk 01:40:05] [%emt 00:00:55]} 2.
Nf3 {[%clk 01:41:20] [%emt 00:00:07]} Nc6 {[%clk 01:38:53] [%emt 00:01:42]} 3.
Bb5 {[%clk 01:41:42] [%emt 00:00:09]} g6 {[%clk 01:36:53] [%emt 00:02:30]} 4.
O-O {[%clk 01:41:36] [%emt 00:00:36]} Bg7 {[%clk 01:36:47] [%emt 00:00:36]} 5.
Re1 {[%clk 01:41:24] [%emt 00:00:42]} e5 {[%clk 01:32:21] [%emt 00:04:56]} 6.
Bxc6 {[%clk 01:41:17] [%emt 00:00:38]} dxc6 {[%clk 01:32:18] [%emt 00:00:32]} 7.
a4 {[%clk 01:41:26] [%emt 00:00:22]} Qe7 {[%clk 01:29:13] [%emt 00:03:34]} 8.
Na3 {[%clk 01:40:51] [%emt 00:01:06]} Nf6 {[%clk 01:20:44] [%emt 00:08:58]} 9.
Nc4 {[%clk 01:38:24] [%emt 00:02:58]} Nd7 {[%clk 01:20:42] [%emt 00:00:32]} 10.
a5 {[%clk 01:37:48] [%emt 00:01:06]} O-O {[%clk 01:18:35] [%emt 00:02:36]} 11.
d3 {[%clk 01:37:04] [%emt 00:01:14]} Rd8 {[%clk 01:18:17] [%emt 00:00:48]} 12.
Bd2 {[%clk 01:25:47] [%emt 00:11:48]} Nf8 {[%clk 01:17:23] [%emt 00:01:23]} 13.
Bc3 {[%clk 01:25:35] [%emt 00:00:42]} f6 {[%clk 01:16:55] [%emt 00:00:58]} 14.
Qb1 {[%clk 01:25:16] [%emt 00:00:50]} Be6 {[%clk 01:13:03] [%emt 00:04:21]} 15.
Nfd2 {[%clk 01:24:15] [%emt 00:01:31]} Bf7 {[%clk 01:11:59] [%emt 00:01:35]} 16.
b4 {[%clk 01:21:44] [%emt 00:03:01]} cxb4 {[%clk 01:11:21] [%emt 00:01:07]} 17.
Qxb4 {[%clk 01:18:04] [%emt 00:04:10]} Qc7 {[%clk 01:06:04] [%emt 00:05:48]} 18.
Rab1 {[%emt 00:15:24]} Rd7 {[%clk 01:03:09] [%emt 00:00:10]} 19. f4 {[%emt
00:02:50]} exf4 {[%emt 00:16:32]} 20. e5 {[%clk 00:49:04] [%emt 00:03:41]} c5
{[%clk 00:53:18] [%emt 00:06:09]} 21. Qa4 {[%clk 00:37:07] [%emt 00:12:28]} f5
{[%clk 00:48:14] [%emt 00:05:33]} 22. Nd6 {[%clk 00:31:57] [%emt 00:05:40]} Bd5
{[%clk 00:47:30] [%emt 00:01:13]} 23. Qxf4 {[%clk 00:30:22] [%emt 00:02:06]} Qc6
{[%clk 00:47:08] [%emt 00:00:52]} 24. Ba1 {[%clk 00:30:22] [%emt 00:00:30]} Bxg2
{[%clk 00:41:35] [%emt 00:06:02]} 25. Qg3 {[%clk 00:28:00] [%emt 00:02:52]} Bd5
{[%clk 00:39:54] [%emt 00:02:11]} 26. c4 {[%clk 00:27:46] [%emt 00:00:44]} Bf7
{[%clk 00:31:35] [%emt 00:08:49]} 27. Qf3 {[%clk 00:26:38] [%emt 00:01:38]} Qxf3
{[%clk 00:25:49] [%emt 00:06:16]} 28. Nxf3 {[%clk 00:27:06] [%emt 00:00:02]} Ne6
{[%clk 00:26:12] [%emt 00:00:06]} 29. h4 {[%clk 00:22:09] [%emt 00:05:27]} h6
{[%clk 00:23:20] [%emt 00:03:22]} 30. Kh2 {[%clk 00:12:56] [%emt 00:09:44]} Bf8
{[%clk 00:18:31] [%emt 00:05:18]} 31. Rg1 {[%clk 00:06:32] [%emt 00:06:54]} Kh7
{[%clk 00:16:35] [%emt 00:02:26]} 32. Rxb7 {[%clk 00:01:06] [%emt 00:05:56]}
Rxb7 {[%clk 00:16:04] [%emt 00:01:01]} 33. Nxb7 {[%clk 00:01:35] [%emt
00:00:02]} Be8 {[%clk 00:16:26] [%emt 00:00:07]} 34. a6 {[%clk 00:00:57] [%emt
00:01:08]} Bc6 {[%clk 00:11:20] [%emt 00:05:35]} 35. Rf1 {[%clk 00:01:15] [%emt
00:00:13]} g5 {[%clk 00:08:30] [%emt 00:03:20]} 36. d4 {[%clk 00:00:52] [%emt
00:00:53]} cxd4 {[%clk 00:08:07] [%emt 00:00:52]} 37. Nxd4 {[%clk 00:01:14]
[%emt 00:00:08]} Nxd4 {[%clk 00:08:32] [%emt 00:00:05]} 38. Bxd4 {[%clk
00:01:42] [%emt 00:00:02]} f4 {[%clk 00:08:50] [%emt 00:00:11]} 39. Na5 {[%clk
00:01:40] [%emt 00:00:33]} Be4 {[%clk 00:07:05] [%emt 00:02:15]} 40. Re1 {[%clk
00:00:53] [%emt 00:01:17]} Bf3 {[%clk 00:06:34] [%emt 00:01:01]} 41. e6 {[%clk
00:32:50] [%emt 00:18:33]} Be7 {[%clk 00:42:34] [%emt 00:14:30]} 42. hxg5 {[%clk
00:23:44] [%emt 00:09:36]} hxg5 {[%clk 00:41:06] [%emt 00:01:58]} 43. Rf1 {[%emt
00:00:24]} g4 {[%clk 00:32:04] [%emt 00:09:28]} 44. Kg1 {[%clk 00:22:39] [%emt
00:01:44]} Bh4 {[%clk 00:20:31] [%emt 00:12:04]} 45. Nb3 {[%clk 00:14:33] [%emt
00:08:35]} Bg5 {[%clk 00:14:39] [%emt 00:06:22]} 46. e7 {[%clk 00:08:02] [%emt
00:07:01]} Kg6 {[%emt 00:04:13]} 47. Bxa7 {[%clk 00:04:28] [%emt 00:03:51]} Bxe7
{[%clk 00:10:19] [%emt 00:01:20]} 48. Bd4 {[%clk 00:04:28] [%emt 00:00:30]} Rxa6
{[%clk 00:04:57] [%emt 00:05:53]} 49. Nd2 {[%clk 00:04:51] [%emt 00:00:07]} Bb7
{[%clk 00:05:02] [%emt 00:00:25]} 50. Rxf4 {[%clk 00:04:09] [%emt 00:01:11]} Bc8
{[%clk 00:05:28] [%emt 00:00:04]} 51. Nf1 {[%clk 00:03:52] [%emt 00:00:47]} Ra3
{[%clk 00:05:33] [%emt 00:00:25]} 52. Re4 {[%clk 00:03:45] [%emt 00:00:38]} Bg5
{[%clk 00:04:08] [%emt 00:01:55]} 53. Re8 {[%clk 00:03:30] [%emt 00:00:44]} Bb7
{[%clk 00:04:09] [%emt 00:00:30]} 54. Re6+ {[%clk 00:02:35] [%emt 00:01:25]} Kf7
{[%clk 00:04:27] [%emt 00:00:11]} 55. Re5 {[%clk 00:02:21] [%emt 00:00:44]} Bd8
{[%clk 00:04:32] [%emt 00:00:26]} 56. Rf5+ {[%clk 00:01:55] [%emt 00:00:56]} Ke6
{[%clk 00:03:05] [%emt 00:01:57]} 57. Rb5 {[%clk 00:01:19] [%emt 00:01:05]} Bc6
{[%clk 00:03:06] [%emt 00:00:30]} 58. Re5+ {[%clk 00:01:36] [%emt 00:00:14]} Kd7
{[%clk 00:03:31] [%emt 00:00:04]} 59. Re2 {[%clk 00:00:38] [%emt 00:01:28]} Bc7
{[%clk 00:03:52] [%emt 00:00:10]} 60. Bb2 {[%clk 00:00:32] [%emt 00:00:36]} Bb6+
{[%clk 00:04:03] [%emt 00:00:19]} 0-1

[Site "Europe Echecs"]

[Event "Grand Swiss "]
[Date "2025.09.14"]
[White "Olisa, Tennyson Ewomazino"]
[Black "Madaminov, Mukhiddin"]
[WhiteElo "2287"]
[BlackElo "2560"]
[Round "9.9.58"]
[Result "0-1"]

1. Nf3 {[%clk 01:40:54] [%emt 00:00:05]} Nf6 {[%clk 01:39:46] [%emt 00:01:14]}
2. b3 {[%clk 01:40:26] [%emt 00:01:00]} d5 {[%clk 01:39:32] [%emt 00:00:44]} 3.
Bb2 {[%clk 01:40:47] [%emt 00:00:09]} Bf5 {[%clk 01:39:28] [%emt 00:00:33]} 4.
g3 {[%clk 01:40:57] [%emt 00:00:21]} e6 {[%clk 01:38:58] [%emt 00:00:59]} 5. Bg2
{[%clk 01:40:34] [%emt 00:00:54]} h6 {[%clk 01:39:18] [%emt 00:00:09]} 6. O-O
{[%clk 01:39:06] [%emt 00:01:59]} Be7 {[%clk 01:39:28] [%emt 00:00:19]} 7. c4
{[%clk 01:37:34] [%emt 00:02:03]} O-O {[%clk 01:39:01] [%emt 00:00:54]} 8. d4
{[%clk 01:35:24] [%emt 00:02:42]} a5 {[%clk 01:34:31] [%emt 00:05:00]} 9. Nc3
{[%clk 01:34:51] [%emt 00:01:03]} c6 {[%clk 01:28:02] [%emt 00:06:59]} 10. e3
{[%clk 01:33:09] [%emt 00:02:12]} Nbd7 {[%clk 01:27:46] [%emt 00:00:44]} 11. Qe2
{[%clk 01:31:05] [%emt 00:02:36]} a4 {[%clk 01:26:43] [%emt 00:01:32]} 12. Rac1
{[%clk 01:26:57] [%emt 00:04:39]} axb3 {[%clk 01:23:02] [%emt 00:04:10]} 13.
axb3 {[%clk 01:27:25] [%emt 00:00:02]} Qb6 {[%clk 01:11:37] [%emt 00:11:55]} 14.
Nd2 {[%clk 01:27:49] [%emt 00:00:07]} Ba3 {[%clk 01:11:55] [%emt 00:00:11]} 15.
c5 {[%clk 01:24:17] [%emt 00:04:03]} Qb4 {[%clk 01:09:48] [%emt 00:02:35]} 16.
Na2 {[%clk 01:20:43] [%emt 00:04:05]} Qa5 {[%clk 01:09:00] [%emt 00:01:19]} 17.
Bc3 {[%clk 01:19:30] [%emt 00:01:43]} Qa6 {[%clk 01:07:42] [%emt 00:01:47]} 18.
Qxa6 {[%clk 01:19:54] [%emt 00:00:06]} Rxa6 {[%clk 01:08:05] [%emt 00:00:06]}
19. Ra1 {[%clk 01:19:57] [%emt 00:00:27]} Rfa8 {[%clk 01:07:42] [%emt 00:00:53]}
20. Nc1 {[%clk 01:17:56] [%emt 00:02:31]} Ne4 {[%clk 01:03:16] [%emt 00:04:55]}
21. Nxe4 {[%clk 01:17:31] [%emt 00:00:56]} Bxe4 {[%clk 01:03:39] [%emt
00:00:07]} 22. Re1 {[%clk 01:15:56] [%emt 00:02:05]} Bxc1 {[%clk 00:53:42] [%emt
00:10:27]} 23. Rexc1 {[%clk 01:16:11] [%emt 00:00:15]} Ra3 {[%clk 00:50:25]
[%emt 00:03:45]} 24. Bf1 {[%clk 01:11:42] [%emt 00:05:00]} Bf3 {[%clk 00:44:40]
[%emt 00:06:15]} 25. Rxa3 {[%clk 01:02:28] [%emt 00:09:45]} Rxa3 {[%clk
00:44:51] [%emt 00:00:18]} 26. b4 {[%clk 01:02:49] [%emt 00:00:09]} g5 {[%clk
00:43:57] [%emt 00:01:23]} 27. h3 {[%clk 01:01:06] [%emt 00:02:14]} h5 {[%clk
00:41:48] [%emt 00:02:38]} 28. b5 {[%clk 01:00:54] [%emt 00:00:43]} g4 {[%clk
00:41:12] [%emt 00:01:06]} 29. h4 {[%clk 01:00:37] [%emt 00:00:47]} Nf6 {[%clk
00:39:35] [%emt 00:02:06]} 30. Be1 {[%clk 00:56:54] [%emt 00:04:14]} Ne4 {[%clk
00:39:39] [%emt 00:00:26]} 31. Rb1 {[%clk 00:56:49] [%emt 00:00:34]} Kg7 {[%clk
00:38:32] [%emt 00:01:38]} 32. Bb4 {[%clk 00:54:57] [%emt 00:02:23]} Ra2 {[%clk
00:37:29] [%emt 00:01:33]} 33. Be1 {[%clk 00:55:26] [%emt 00:00:02]} f6 {[%clk
00:36:21] [%emt 00:01:37]} 34. bxc6 {[%clk 00:54:11] [%emt 00:01:45]} bxc6
{[%clk 00:36:44] [%emt 00:00:07]} 35. Bd3 {[%clk 00:54:15] [%emt 00:00:26]} Ra3
{[%clk 00:35:58] [%emt 00:01:16]} 36. Bxe4 {[%clk 00:54:09] [%emt 00:00:37]}
Bxe4 {[%clk 00:35:39] [%emt 00:00:48]} 37. Rc1 {[%clk 00:54:22] [%emt 00:00:18]}
Kg6 {[%clk 00:35:40] [%emt 00:00:28]} 38. Bc3 {[%clk 00:49:47] [%emt 00:05:05]}
Kf5 {[%clk 00:35:51] [%emt 00:00:18]} 39. Kf1 {[%clk 00:49:05] [%emt 00:01:12]}
Bd3+ {[%clk 00:35:27] [%emt 00:00:54]} 40. Ke1 {[%clk 00:49:34] [%emt 00:00:02]}
Ra2 {[%clk 00:35:41] [%emt 00:00:16]} 41. Bd2 {[%clk 00:49:38] [%emt 00:00:27]}
Ke4 {[%clk 00:32:10] [%emt 00:04:00]} 42. Rc3 {[%clk 00:49:29] [%emt 00:00:39]}
Bc4 {[%clk 00:30:09] [%emt 00:02:31]} 43. Rc1 {[%clk 00:48:28] [%emt 00:01:32]}
Kf3 {[%clk 00:29:05] [%emt 00:01:32]} 44. Rc3 {[%clk 00:48:15] [%emt 00:00:44]}
e5 {[%clk 00:29:17] [%emt 00:00:18]} 45. dxe5 {[%clk 00:46:21] [%emt 00:02:25]}
fxe5 {[%clk 00:28:25] [%emt 00:01:21]} 46. Rc1 {[%clk 00:46:37] [%emt 00:00:15]}
Rb2 {[%clk 00:26:00] [%emt 00:02:54]} 47. Ra1 {[%clk 00:44:54] [%emt 00:02:14]}
Ke4 {[%clk 00:22:55] [%emt 00:03:33]} 48. Kd1 {[%clk 00:36:59] [%emt 00:08:26]}
Kd3 {[%clk 00:22:04] [%emt 00:01:21]} 49. Be1 {[%clk 00:36:00] [%emt 00:01:30]}
Bb3+ {[%clk 00:21:03] [%emt 00:01:31]} 50. Kc1 {[%clk 00:36:28] [%emt 00:00:03]}
Re2 {[%clk 00:14:05] [%emt 00:07:28]} 51. Ba5 {[%clk 00:36:20] [%emt 00:00:39]}
Ba2 {[%clk 00:14:09] [%emt 00:00:25]} 52. Bc7 {[%clk 00:36:24] [%emt 00:00:26]}
Ke4 {[%clk 00:13:09] [%emt 00:01:29]} 0-1

[Site "Europe Echecs"]

[Event "Grand Swiss "]
[Date "2025.09.14"]
[White "Firouzja, Alireza"]
[Black "Giri, Anish"]
[WhiteElo "2754"]
[BlackElo "2746"]
[Round "10.10.1"]
[Result "1/2-1/2"]

1. e4 {[%clk 01:40:57] [%emt 00:00:02]} c5 {[%clk 01:40:57] [%emt 00:00:04]} 2.
Nc3 {[%clk 01:41:22] [%emt 00:00:05]} Nc6 {[%clk 01:41:21] [%emt 00:00:06]} 3.
Bb5 {[%clk 01:41:47] [%emt 00:00:05]} Nd4 {[%clk 01:41:37] [%emt 00:00:14]} 4.
Nf3 {[%clk 01:42:12] [%emt 00:00:05]} e6 {[%clk 01:41:18] [%emt 00:00:49]} 5.
O-O {[%clk 01:42:31] [%emt 00:00:11]} Nxb5 {[%clk 01:41:12] [%emt 00:00:37]} 6.
Nxb5 {[%clk 01:42:54] [%emt 00:00:07]} a6 {[%clk 01:41:40] [%emt 00:00:02]} 7.
Na3 {[%clk 01:40:34] [%emt 00:02:49]} Nf6 {[%clk 01:39:12] [%emt 00:02:58]} 8.
e5 {[%clk 01:35:22] [%emt 00:05:42]} Nd5 {[%clk 01:38:53] [%emt 00:00:48]} 9. d4
{[%clk 01:28:40] [%emt 00:07:14]} cxd4 {[%clk 01:38:18] [%emt 00:01:05]} 10.
Qxd4 {[%clk 01:27:09] [%emt 00:02:01]} b6 {[%clk 01:35:31] [%emt 00:03:18]} 11.
Qe4 {[%clk 01:13:59] [%emt 00:13:39]} Bb7 {[%clk 01:03:16] [%emt 00:32:45]} 12.
c4 {[%clk 01:00:20] [%emt 00:14:09]} Nc3 {[%clk 01:02:17] [%emt 00:01:28]} 13.
Qxb7 {[%clk 00:54:14] [%emt 00:06:36]} Rb8 {[%clk 01:02:30] [%emt 00:00:16]} 14.
Qxa6 {[%clk 00:52:26] [%emt 00:02:19]} Ra8 {[%clk 01:02:55] [%emt 00:00:05]} 15.
Qb7 {[%clk 00:51:57] [%emt 00:00:59]} Rb8 {[%clk 01:03:22] [%emt 00:00:04]} 16.
Qa6 {[%emt 00:12:49]} Ra8 {[%clk 01:03:48] [%emt 00:00:02]} 17. Qb7 {[%clk
00:40:06] [%emt 00:00:04]} Rb8 {[%clk 01:04:16] [%emt 00:00:02]} 18. Qa6 {[%clk
00:40:31] [%emt 00:00:05]} Ra8 1/2-1/2

[Site "Europe Echecs"]

[Event "Grand Swiss "]
[Date "2025.09.14"]
[White "Yu, Yangyi"]
[Black "Erigaisi Arjun"]
[WhiteElo "2714"]
[BlackElo "2771"]
[Round "10.10.3"]
[Result "1/2-1/2"]

1. d4 {[%clk 01:40:56] [%emt 00:00:03]} Nf6 {[%clk 01:40:11] [%emt 00:00:49]} 2.
c4 {[%clk 01:41:14] [%emt 00:00:12]} e6 {[%clk 01:40:36] [%emt 00:00:06]} 3. Nc3
{[%clk 01:37:04] [%emt 00:04:41]} Bb4 {[%clk 01:40:47] [%emt 00:00:18]} 4. e3
{[%clk 01:37:03] [%emt 00:00:31]} O-O {[%clk 01:39:46] [%emt 00:01:30]} 5. Bd3
{[%clk 01:36:47] [%emt 00:00:46]} d5 {[%clk 01:39:53] [%emt 00:00:24]} 6. cxd5
{[%clk 01:36:29] [%emt 00:00:48]} exd5 {[%clk 01:40:15] [%emt 00:00:07]} 7. Nge2
{[%clk 01:36:52] [%emt 00:00:07]} Re8 {[%clk 01:40:17] [%emt 00:00:28]} 8. O-O
{[%clk 01:37:11] [%emt 00:00:10]} Bf8 {[%clk 01:40:24] [%emt 00:00:23]} 9. a3
{[%clk 01:27:01] [%emt 00:10:41]} a5 {[%clk 01:32:57] [%emt 00:07:57]} 10. b3
{[%clk 01:22:46] [%emt 00:04:45]} b6 {[%clk 01:23:49] [%emt 00:09:38]} 11. Ra2
{[%clk 01:20:38] [%emt 00:02:38]} g6 {[%clk 01:16:05] [%emt 00:08:13]} 12. Rc2
{[%clk 01:18:19] [%emt 00:02:49]} Bb7 {[%clk 01:13:41] [%emt 00:02:55]} 13. h3
{[%clk 01:10:59] [%emt 00:07:49]} Nbd7 {[%clk 01:07:17] [%emt 00:06:53]} 14. Ng3
{[%clk 01:09:03] [%emt 00:02:26]} Rc8 {[%clk 01:00:06] [%emt 00:07:41]} 15. Re1
{[%clk 01:04:28] [%emt 00:05:05]} Ne4 {[%clk 00:50:50] [%emt 00:09:47]} 16.
Ngxe4 {[%clk 00:47:54] [%emt 00:17:04]} dxe4 {[%clk 00:51:08] [%emt 00:00:12]}
17. Bc4 {[%clk 00:47:56] [%emt 00:00:28]} Nf6 {[%clk 00:49:07] [%emt 00:02:31]}
18. d5 {[%clk 00:44:05] [%emt 00:04:21]} Bd6 {[%clk 00:39:58] [%emt 00:09:40]}
19. Rd2 {[%clk 00:34:52] [%emt 00:09:42]} Be5 {[%clk 00:35:40] [%emt 00:04:48]}
20. Nb5 {[%clk 00:32:26] [%emt 00:02:56]} Rb8 {[%clk 00:34:48] [%emt 00:01:22]}
21. a4 {[%clk 00:29:31] [%emt 00:03:26]} Qd7 {[%clk 00:34:41] [%emt 00:00:37]}
22. Ba3 {[%clk 00:28:39] [%emt 00:01:22]} Red8 {[%clk 00:32:00] [%emt 00:03:11]}
23. d6 {[%clk 00:22:47] [%emt 00:06:22]} c6 {[%clk 00:32:17] [%emt 00:00:13]}
24. Nc7 {[%clk 00:22:29] [%emt 00:00:49]} Qf5 {[%clk 00:19:18] [%emt 00:13:28]}
25. Qc2 {[%clk 00:18:56] [%emt 00:04:03]} Nd5 {[%clk 00:17:02] [%emt 00:02:46]}
26. Bxd5 {[%clk 00:12:21] [%emt 00:07:05]} cxd5 {[%clk 00:17:27] [%emt
00:00:05]} 27. Nb5 {[%clk 00:12:19] [%emt 00:00:32]} Rbc8 {[%clk 00:17:06] [%emt
00:00:51]} 28. Qd1 {[%clk 00:12:44] [%emt 00:00:05]} Qf6 {[%clk 00:09:12] [%emt
00:08:25]} 29. Ree2 {[%clk 00:09:23] [%emt 00:03:51]} d4 {[%clk 00:09:07] [%emt
00:00:34]} 30. Nxd4 {[%clk 00:07:50] [%emt 00:02:03]} Bxd6 {[%clk 00:09:31]
[%emt 00:00:06]} 31. Bxd6 {[%clk 00:07:08] [%emt 00:01:12]} Rxd6 {[%clk
00:09:55] [%emt 00:00:05]} 32. Rc2 {[%clk 00:07:34] [%emt 00:00:04]} Rc5 {[%clk
00:09:39] [%emt 00:00:46]} 33. Red2 {[%clk 00:07:34] [%emt 00:00:31]} Qg5 {[%clk
00:05:24] [%emt 00:04:45]} 34. Ne2 {[%clk 00:04:59] [%emt 00:03:05]} Rxd2 {[%clk
00:03:44] [%emt 00:02:10]} 35. Rxd2 {[%clk 00:05:19] [%emt 00:00:10]} Rd5 {[%clk
00:04:04] [%emt 00:00:09]} 36. Nf4 {[%clk 00:04:59] [%emt 00:00:51]} Rxd2 {[%clk
00:04:28] [%emt 00:00:06]} 37. Qxd2 {[%clk 00:05:26] [%emt 00:00:03]} Bc6 {[%clk
00:02:04] [%emt 00:02:54]} 38. Qd6 {[%clk 00:04:56] [%emt 00:01:00]} Qc5 {[%clk
00:02:28] [%emt 00:00:06]} 39. Qf6 {[%clk 00:02:49] [%emt 00:02:37]} h5 {[%clk
00:02:03] [%emt 00:00:55]} 40. Kh2 {[%clk 00:01:45] [%emt 00:01:34]} Be8 {[%clk
00:01:50] [%emt 00:00:43]} 41. h4 {[%clk 00:42:20] [%emt 00:09:54]} Qc7 {[%clk
00:48:21] [%emt 00:03:59]} 42. Qd4 {[%clk 00:32:44] [%emt 00:10:07]} Bc6 {[%clk
00:40:03] [%emt 00:08:48]} 43. g3 {[%clk 00:26:14] [%emt 00:07:00]} Bb7 {[%clk
00:35:46] [%emt 00:04:47]} 44. Kg2 {[%clk 00:23:38] [%emt 00:03:06]} Kf8 {[%clk
00:31:03] [%emt 00:05:13]} 45. Qf6 {[%clk 00:20:59] [%emt 00:03:09]} Ke8 {[%clk
00:30:34] [%emt 00:00:59]} 46. Ne2 {[%clk 00:21:06] [%emt 00:00:22]} Bd5 {[%clk
00:29:16] [%emt 00:01:47]} 47. Nd4 {[%clk 00:19:18] [%emt 00:02:20]} Kd7 {[%clk
00:28:36] [%emt 00:01:10]} 48. Qh8 {[%clk 00:17:59] [%emt 00:01:48]} Qd6 {[%clk
00:26:57] [%emt 00:02:09]} 49. Nb5 {[%clk 00:15:58] [%emt 00:02:32]} Qb4 {[%clk
00:20:39] [%emt 00:06:47]} 50. Qb8 {[%clk 00:13:41] [%emt 00:02:48]} Qc5 {[%clk
00:14:08] [%emt 00:07:01]} 51. Nd4 {[%clk 00:14:03] [%emt 00:00:08]} Qc7 {[%clk
00:14:14] [%emt 00:00:23]} 52. Qh8 {[%clk 00:14:02] [%emt 00:00:31]} Qd6 {[%clk
00:14:27] [%emt 00:00:17]} 53. Nb5 {[%clk 00:14:16] [%emt 00:00:17]} Qc5 {[%clk
00:14:45] [%emt 00:00:11]} 54. Nd4 {[%clk 00:14:27] [%emt 00:00:19]} 1/2-1/2

[Site "Europe Echecs"]

[Event "Grand Swiss "]
[Date "2025.09.14"]
[White "Nihal Sarin"]
[Black "Abdusattorov, Nodirbek"]
[WhiteElo "2693"]
[BlackElo "2748"]
[Round "10.10.4"]
[Result "1/2-1/2"]

1. e4 {[%clk 01:39:30] [%emt 00:01:29]} c5 {[%clk 01:40:39] [%emt 00:00:21]} 2.
Nf3 {[%clk 01:39:49] [%emt 00:00:12]} Nc6 {[%clk 01:41:03] [%emt 00:00:07]} 3.
Bb5 {[%clk 01:38:40] [%emt 00:01:39]} e6 {[%clk 01:41:13] [%emt 00:00:20]} 4.
O-O {[%clk 01:37:15] [%emt 00:01:55]} Nge7 {[%clk 01:41:29] [%emt 00:00:14]} 5.
Re1 {[%clk 01:37:17] [%emt 00:00:27]} a6 {[%clk 01:41:18] [%emt 00:00:41]} 6.
Bxc6 {[%clk 01:36:40] [%emt 00:01:08]} Nxc6 {[%clk 01:41:13] [%emt 00:00:34]} 7.
d4 {[%clk 01:37:05] [%emt 00:00:05]} cxd4 {[%clk 01:38:58] [%emt 00:02:46]} 8.
Nxd4 {[%clk 01:37:25] [%emt 00:00:10]} Be7 {[%clk 01:34:06] [%emt 00:05:22]} 9.
Nxc6 {[%clk 01:33:39] [%emt 00:04:15]} dxc6 {[%clk 01:28:59] [%emt 00:05:37]}
10. Qg4 {[%clk 01:31:59] [%emt 00:02:09]} Qd4 {[%clk 01:19:49] [%emt 00:09:40]}
11. Nd2 {[%clk 01:22:48] [%emt 00:09:41]} O-O {[%clk 01:10:20] [%emt 00:09:59]}
12. Qg3 {[%clk 01:13:17] [%emt 00:10:01]} f6 {[%clk 00:58:22] [%emt 00:12:28]}
13. c3 {[%clk 01:07:16] [%emt 00:06:32]} Qc5 {[%clk 00:42:54] [%emt 00:15:58]}
14. e5 {[%clk 01:06:15] [%emt 00:01:31]} Bd7 {[%clk 00:42:39] [%emt 00:00:44]}
15. Nb3 {[%clk 00:52:45] [%emt 00:14:00]} Qb6 {[%clk 00:41:18] [%emt 00:01:51]}
16. Bh6 {[%clk 00:49:54] [%emt 00:03:21]} Rf7 {[%clk 00:41:46] [%emt 00:00:03]}
17. Rad1 {[%clk 00:50:17] [%emt 00:00:06]} Rd8 {[%clk 00:35:45] [%emt 00:06:32]}
18. Be3 {[%clk 00:33:01] [%emt 00:17:46]} Qc7 {[%clk 00:35:01] [%emt 00:01:13]}
19. Bc5 {[%clk 00:25:38] [%emt 00:07:52]} Bc8 {[%clk 00:24:45] [%emt 00:10:47]}
20. Bxe7 {[%clk 00:23:25] [%emt 00:02:43]} Qxe7 {[%clk 00:25:09] [%emt
00:00:06]} 21. Rxd8+ {[%clk 00:15:32] [%emt 00:08:24]} Qxd8 {[%clk 00:25:37]
[%emt 00:00:01]} 22. exf6 {[%clk 00:15:54] [%emt 00:00:08]} Rxf6 {[%clk
00:25:05] [%emt 00:01:01]} 23. Qe3 {[%clk 00:16:13] [%emt 00:00:11]} b6 {[%clk
00:20:24] [%emt 00:05:11]} 24. Qd4 {[%clk 00:11:01] [%emt 00:05:42]} Qc7 {[%clk
00:19:17] [%emt 00:01:37]} 25. Rd1 {[%clk 00:07:55] [%emt 00:03:36]} e5 {[%clk
00:19:03] [%emt 00:00:44]} 26. Qe3 {[%clk 00:08:20] [%emt 00:00:04]} Bf5 {[%clk
00:14:53] [%emt 00:04:40]} 27. Re1 {[%clk 00:07:58] [%emt 00:00:52]} c5 {[%clk
00:13:27] [%emt 00:01:56]} 28. Nd2 {[%clk 00:07:47] [%emt 00:00:42]} Qd7 {[%clk
00:10:13] [%emt 00:03:43]} 29. Nf1 {[%clk 00:06:11] [%emt 00:02:06]} e4 {[%clk
00:08:40] [%emt 00:02:04]} 30. Ng3 {[%clk 00:06:21] [%emt 00:00:20]} h6 {[%clk
00:06:18] [%emt 00:02:52]} 31. h3 {[%clk 00:04:39] [%emt 00:02:12]} Qf7 {[%clk
00:06:15] [%emt 00:00:33]} 32. b3 {[%clk 00:04:56] [%emt 00:00:13]} Bg6 {[%clk
00:05:42] [%emt 00:01:03]} 33. Rd1 {[%clk 00:04:48] [%emt 00:00:37]} Re6 {[%clk
00:05:07] [%emt 00:01:05]} 34. Rd5 {[%clk 00:04:30] [%emt 00:00:48]} Qf6 {[%clk
00:04:08] [%emt 00:01:29]} 35. Nf1 {[%clk 00:04:13] [%emt 00:00:47]} Kh7 {[%clk
00:03:49] [%emt 00:00:49]} 36. Qd2 {[%clk 00:03:52] [%emt 00:00:51]} a5 {[%clk
00:03:01] [%emt 00:01:18]} 37. Ne3 {[%clk 00:04:11] [%emt 00:00:11]} Qf4 {[%clk
00:03:13] [%emt 00:00:18]} 38. a4 {[%clk 00:02:58] [%emt 00:01:43]} Rc6 {[%clk
00:02:35] [%emt 00:01:09]} 39. Rd7 {[%clk 00:02:29] [%emt 00:00:59]} Be8 {[%clk
00:01:55] [%emt 00:01:09]} 40. Rd8 {[%clk 00:01:41] [%emt 00:01:18]} Bf7 {[%clk
00:01:51] [%emt 00:00:34]} 41. c4 {[%clk 00:45:17] [%emt 00:06:54]} h5 {[%clk
00:48:34] [%emt 00:03:45]} 42. Qd1 {[%clk 00:39:10] [%emt 00:06:37]} Qe5 {[%clk
00:45:07] [%emt 00:03:57]} 43. Rd7 {[%clk 00:35:11] [%emt 00:04:30]} Rf6 {[%clk
00:42:03] [%emt 00:03:34]} 44. Qc2 {[%clk 00:26:50] [%emt 00:08:51]} Be6 {[%clk
00:39:27] [%emt 00:03:05]} 45. Rd1 {[%clk 00:26:46] [%emt 00:00:34]} Rg6 {[%clk
00:37:11] [%emt 00:02:47]} 46. Kf1 {[%clk 00:25:38] [%emt 00:01:37]} Rf6 {[%clk
00:35:46] [%emt 00:01:55]} 47. Ke1 {[%clk 00:25:34] [%emt 00:00:34]} Kg8 {[%clk
00:34:32] [%emt 00:01:43]} 48. Rd8+ {[%clk 00:24:42] [%emt 00:01:23]} Kh7 {[%clk
00:34:13] [%emt 00:00:49]} 49. Rd2 {[%clk 00:24:26] [%emt 00:00:46]} Rg6 {[%clk
00:28:55] [%emt 00:05:48]} 50. Ke2 {[%clk 00:19:47] [%emt 00:05:09]} Qf4 {[%clk
00:27:57] [%emt 00:01:28]} 51. Ke1 {[%clk 00:18:12] [%emt 00:02:04]} Qe5 {[%clk
00:27:25] [%emt 00:01:02]} 52. Rd1 {[%clk 00:15:23] [%emt 00:03:19]} Rf6 {[%clk
00:27:08] [%emt 00:00:47]} 53. Rd2 {[%clk 00:12:32] [%emt 00:03:21]} 1/2-1/2

[Site "Europe Echecs"]